NCAA FCS Conference Champions - Big Sky - Statistics

General Stats
  • This quiz has been taken 65 times
    59 since last reset
  • The average score is 49 of 55
Answer Stats
Hint Answer % Correct
2016 Eastern Washington or North Dakota
98%
2012 E. Washington/ Montana St./ Cal Poly
98%
2005 E. Washington/ Montana St./ Montana
98%
1968 Idaho/ Montana St./ Weber St.
98%
2009 Montana
98%
2007 Montana
98%
2006 Montana
98%
2001 Montana
98%
2000 Montana
98%
1999 Montana
98%
1998 Montana
98%
1996 Montana
98%
1995 Montana
98%
1993 Montana
98%
1970 Montana
98%
1969 Montana
98%
1982 Montana/ Idaho/ Montana St.
98%
2002 Montana/ Montana St./ Idaho St.
98%
2004 Montana or Eastern Washington
98%
2010 Montana State or Eastern Washington
98%
2003 Montana St./ Montana/ N. Arizona
98%
2008 Weber State or Montana
98%
2014 Eastern Washington
95%
2013 Eastern Washington
95%
1997 Eastern Washington
95%
1992 Idaho
95%
1989 Idaho
95%
1988 Idaho
95%
1987 Idaho
95%
1985 Idaho
95%
1971 Idaho
95%
1965 Weber State or Idaho
95%
2011 Montana State
93%
1984 Montana State
93%
1979 Montana State
93%
1976 Montana State
93%
1972 Montana State
93%
1967 Montana State
93%
1966 Montana State
93%
1964 Montana State
93%
1981 Idaho State
88%
1963 Idaho State
88%
2017 Weber St. or Southern Utah
88%
2015 Southern Utah
83%
1978 Northern Arizona
81%
1994 Boise State
64%
1980 Boise State
64%
1977 Boise State
64%
1975 Boise State
64%
1974 Boise State
64%
1973 Boise State
64%
1991 Nevada
50%
1990 Nevada
50%
1986 Nevada
50%
1983 Nevada
50%
No matching quizzes found
Score Distribution
Percent of People with Each Score
Percentile by Number Answered
Your Score History
You have not taken this quiz since the last reset